000 00702nam a2200193 a 4500
003 0
005 20250312093257.0
008 090709s19uu xx 00 eng d
050 _aPHS HQ 759.913
_b.P125 2009
100 _aPadua, Kiara.
245 _aSelf-efficacy of family members of individuals with disabilities /
_cKiara Padua.
260 _aLas PiƱas City, Philippines :
_bSouthville International School and Colleges,
_c2009.
300 _a54 pages :
_billustrations ;
_c28 cm.
504 _aIncludes bibliographical references.
650 _aSelf-efficacy.
650 _aFamilies of people with disabilities.
650 _aPeople with disabilities
_xFamily relationships.
942 _2lcc
_cPASS
999 _c98265
_d98265